| 000 | 00751nam a22002177a 4500 | ||
|---|---|---|---|
| 999 |
_c103547 _d103547 |
||
| 005 | 20230712143011.0 | ||
| 010 | _aENG-116077 ENG-136983 ENG-137373 | ||
| 020 |
_a9788123019277 _c240.00 |
||
| 035 | _aEN-99609 EN-120905 | ||
| 035 | _aEN-120515 | ||
| 037 | _bDBAD/PUB | ||
| 082 | _a305.4954 | ||
| 245 |
_a Indian women-revisited / _cEdited by Devaki Jain [and] C. P. Sujaya |
||
| 260 |
_aNew Delhi _bPublication Division _c2014 |
||
| 270 |
_aMinistory of Information and Boardcasting Government Of India,Soochna Bhawan,CGO Complex,Lodhi Road _bNew Delhi _e110003 |
||
| 300 |
_a162p. : _c22cm(pbk) _bill |
||
| 500 | _aIncludes index | ||
| 700 | _a Jain,Devaki | ||
| 700 | _aSujaya,C. P. | ||
| 942 |
_2ddc _cEN _h305.4954 _mIND |
||